|
|
|
|
| LEADER |
00000nam0a2200000 4500 |
| 001 |
22722 |
| 005 |
20231030194838.0 |
| 010 |
|
|
|a 5020044156
|
| 035 |
|
|
|a (RuTPU)RU\TPU\book\22935
|
| 035 |
|
|
|a BOOK00000699
|
| 090 |
|
|
|a 22722
|
| 100 |
|
|
|a 20011209d2000 k y0rusy50 ca
|
| 101 |
0 |
|
|a rus
|
| 102 |
|
|
|a RU
|
| 105 |
|
|
|a a z 000zy
|
| 200 |
1 |
|
|a Динамика экосистем Берингова и Чукотского морей
|f Ю. А. Израэль [и др.]
|g под ред. Ю. А. Израэля ; А. В. Цыбань
|
| 210 |
|
|
|a Москва
|c Наука
|d 2000
|
| 215 |
|
|
|a 357 с.
|c ил.
|
| 610 |
1 |
|
|a океанология
|
| 610 |
1 |
|
|a экология
|
| 610 |
1 |
|
|a Берингово море
|
| 610 |
1 |
|
|a Чукотское море
|
| 610 |
1 |
|
|a динамика
|
| 610 |
1 |
|
|a изменчивость
|
| 610 |
1 |
|
|a загрязняющие вещества
|
| 675 |
|
|
|a 551.46.06
|v 3
|
| 701 |
|
1 |
|a Израэль
|b Ю. А.
|g Юрий Антониевич
|
| 701 |
|
1 |
|a Цыбань
|b А. В.
|g Алла Викторовна
|
| 701 |
|
1 |
|a Гребмайер
|b Дж.
|g Джаклин
|
| 701 |
|
1 |
|a Смит
|b Г. Дж.
|
| 702 |
|
1 |
|a Израэль
|b Ю. А.
|g Юрий Антониевич
|4 340
|
| 702 |
|
1 |
|a Цыбань
|b А. В.
|g Алла Викторовна
|4 340
|
| 801 |
|
0 |
|a RU
|b 63413507
|c 20011209
|g PSBO
|
| 801 |
|
2 |
|a RU
|b 63413507
|c 20080909
|g PSBO
|
| 942 |
|
|
|c BK
|